00294nam a2200133Ia 4500008004100000041000800041082000800049100002400057245002200081260001800103300000900121542001500130650001500145220531s9999 xx 000 0 und d aeng bVER aVerma, V. \. Others aBusi. Informatics bVision c2008 a9.18 d04-12-2008 aManagement